Regional Integration - A Worthwhile Strategy for Catching Up?

Salvato in:
Dettagli Bibliografici
Autore principale: Schweickert, Rainer
Natura: Libro
Lingua:inglese
Pubblicazione: Kiel Institut für Weltwirtschaft 1994
Serie:Kiel Working Paper No.623
Soggetti:
Tags: Aggiungi Tag
Nessun Tag, puoi essere il primo ad aggiungerne!!

MARC

LEADER 00000nam a2200000 4500
001 c005396
005 20250521093044.0
041 0 |a eng 
044 |a DE 
245 1 0 |a Regional Integration - A Worthwhile Strategy for Catching Up?  |c Rainer Schweickert 
264 1 |a Kiel  |b Institut für Weltwirtschaft  |c 1994 
300 |a 39 s. 
490 1 |a Kiel Working Paper  |v No.623 
830 0 |a Kiel Working Paper  |v No.623 
610 2 0 |a integrácia ekonomická medzinárodná 
610 2 0 |a regióny 
610 2 0 |a trh 
610 2 0 |a financie 
100 1 |a Schweickert, Rainer